000 00474 a2200193 4500
001 113350
020 _a9780321210098
020 _a9780321235787
041 _apor
090 _aP Year 8 [E]
100 _aJohnston, Jason et.al.
250 _a. ed.
697 _amathematics.
856 _u000023/00002381.jpg
040 _aBR-BrIDEA
_cBR-BrIDEA
245 1 0 _aMath
_bMakes Sense 8
_c Jason et.al Johnston
260 _a[S.l.]
_bPearson Education
_c2005
942 _cBK
999 _c113350
_d113350